| 000 | 00836cam a2200205 4500 | ||
|---|---|---|---|
| 001 | WB3810-16 | ||
| 008 | 020314n2002 000 0 eng u | ||
| 035 | _a(Sirsi) u117134 | ||
| 245 | _aAffordable housing unit set up | ||
| 260 | _c2002 | ||
| 490 |
_aBuilding _v267 (8224) 8 March 2002, 13(1) |
||
| 520 | _aAffordable housing unit has been created by the Housing Minister within DTLR to get developers to include more affordable homes in their projects in the context of the predicted shortfall of such housing. The unit will put pressure on councils to look unfavourably on schemes with little or no affordable housing. | ||
| 590 | _aWB | ||
| 650 | _aSOCIAL HOUSING | ||
| 650 | _aPRIVATE DEVELOPMENTS | ||
| 650 |
_aAffordable housing _96215 |
||
| 650 | _aBROWNFIELD LAND | ||
| 690 |
_aAffordable housing _96215 |
||
| 942 | _n0 | ||
| 999 |
_c69788 _d69788 |
||